00321nam a2200121Ia 4500008004100000041001200041082001800053100002300071245003900094260002400133300001300157650002900170231217s9999 xx 000 0 und d aEnglish a920 CHA;1 R aChaudhuri, Nirad C 0aAutobiography of an unknown Indian c1998bJaicoaMumbai axiii+610 aAutobiography,an,unknown